| 000 | 00534nam a2200169 a 4500 | ||
|---|---|---|---|
| 005 | 20140414131935.0 | ||
| 008 | 110119s19uu xx 00 eng d | ||
| 050 |
_aREF 573.7 _bP22 2004 |
||
| 100 | _aParker, Steve, 1952- | ||
| 245 |
_aSkeleton / _cwritten by Steve Parker. |
||
| 260 |
_aNew York, N.Y. : _bDorling Kindersley, _c2004. |
||
| 440 | _aEyewitness books | ||
| 520 | _aDiscusses the evolution, structure and function of the human and animal skeletal systems. | ||
| 650 | _aSkeleton | ||
| 650 | _aBones | ||
| 999 |
_c112414 _d112414 |
||